Statistics for The Alps Quiz

Click here to take the quiz!

General Stats

  • This quiz has been taken 163 times
  • The average score is 15 of 24

Answer Stats

HintAnswer% Correct
France
94%
Italy
94%
Germany
93%
Highest MountainMont Blanc
93%
Switzerland
93%
Alpine StatesAustria
92%
Slovenia
86%
Large animals he took with himElephants
82%
Liechtenstein
78%
Carthagian general who crossed the AlpsHannibal
75%
Monaco
71%
Innsbruck, 1964; 1976
67%
Turin, 2006
58%
Flower mentioned in a "Sound of Music" songEdelweiss
52%
Natural mummy found in 1991Ötzi
48%
Cities that hosted the OlympicsChamonix, 1924
47%
St. Moritz, 1928; 1948
45%
Grenoble, 1968
44%
Johanna Spyri's famous children's bookHeidi
43%
Garmisch-Partenkirchen, 1936
34%
Albertville, 1992
32%
Cortina d'Ampezzo, 1956
29%
Horned goatIbex
24%
Hitler's retreat near BerchtesgardenObersalzberg
8%

Score Distribution

Percentile by Number Answered

Percent of People with Each Score

Your Score History

You have not taken this quiz